000 00528nam a2200157 4500
008 160923b xxu||||| |||| 00| 0 eng d
022 _a16565649
082 _aDPer 303.405 H22 May-Sept 2015 n. 6-10
100 _915176
_aLucas, Ashley
245 _aZ h & k Odyssey:
_ba jumpstart to your mobile experience/
_cAshley Lucas.
260 _aQuezon City:
_bHardware Zone Phils. Corp.,
_cc2015.
300 _av 11 i7, page 42;
_c30 cm.
500 _aHWM Philippines.
650 0 _915177
_aCellular telephones
942 _2ddc
_cPER
999 _c4794
_d4794